| 000 | 00685nam a2200229 i 4500 | ||
|---|---|---|---|
| 001 | 147379 | ||
| 003 | ES-MaACL | ||
| 005 | 20230906201952.0 | ||
| 007 | t| | ||
| 008 | 070928s1984 xxu ||||1| eng d | ||
| 020 | _a0-471-87558-9 | ||
| 080 | _a159.964 | ||
| 245 | 0 | 3 |
_aThe unconscious reconsidered / _cedited by Kenneth S. Bowers and Donald Meichenbaum. |
| 260 |
_aNew York [etc.] : _bJohn Wiley and Sons, _c1984. |
||
| 300 |
_a311 p. ; _c25 cm. |
||
| 490 | 1 | _aWiley Interscience | |
| 700 | 1 |
_aBower, Kenneth S. _931134 |
|
| 700 | 1 |
_aMeichenbaum, Donald. _979823 |
|
| 830 | 0 |
_aWiley Interscience _9220924 |
|
| 852 |
_aES-MaACL _jL-10586 _bR.111544 |
||
| 999 |
_c147379 _d147379 |
||